000 00729nam a22002177a 4500
003 UA-OsUOA
001 114234
007 ta
008 20151026b un ||||| |||| 00| 0 ukr d
100 _aОмельчук С.
090 _a81
_bО-57
942 _cSA
040 _aUA-OsUOA
_bfre
_cUA-OsUOA
_dUA-OsUOA
245 _aТехнологія моделювання умов тестових завданьз української мови
300 _aС.79-82
955 _a0
041 _afre
080 _a81
773 0 _w114231
_tУкраїнська мова та література
_dК.
_d2015
_g18
650 7 _a8 Мовознавство. Художня література. Літературознавство
_2UDC
999 _c400376
_d400376